Connexions: psychosociologie, sciences humaines
| Körperschaft: | |
|---|---|
| Medienart: | Druck Zeitschrift |
| Sprache: | Nichtbestimmte Sprache |
| Veröffentlicht: |
Toulouse
Ed. Erès
1972-
Paris EPI teils Paris Desclée de Brouwer 1986 Ramonville Saint-Agne Erès 1994-2009 Paris Ed. Erès 2010 |
| In: | Jahr: 1972 |
| Verfügbarkeit prüfen: | HBZ Gateway |
| Subito Bestelldienst: | Jetzt bestellen. |
| Bände / Aufsätze: | Bände / Aufsätze anzeigen. |
| Schlagwörter: |
MARC
| LEADER | 00000cas a2200000 c 4500 | ||
|---|---|---|---|
| 001 | 166554421 | ||
| 003 | DE-627 | ||
| 005 | 20251106170538.0 | ||
| 007 | tu | ||
| 008 | 941029c19729999fr z| p| 0 |0und c | ||
| 016 | 7 | |a 011311827 |2 DE-101 | |
| 016 | 7 | |a 222061-1 |2 DE-600 | |
| 022 | |a 0337-3126 | ||
| 024 | 7 | |a 00076864 |2 swets | |
| 035 | |a (DE-627)166554421 | ||
| 035 | |a (DE-603)047375760 | ||
| 035 | |a (DE-576)015024237 | ||
| 035 | |a (DE-599)ZDB222061-1 | ||
| 035 | |a (OCoLC)1367272336 | ||
| 035 | |a (DE-615)00254307 | ||
| 040 | |a DE-627 |b ger |c DE-627 |e rakwb | ||
| 044 | |c XA-FR | ||
| 082 | 0 | 4 | |a 150 |a 610 |a 300 |q DE-600 |
| 084 | |a 5,2 |2 ssgn | ||
| 245 | 0 | 0 | |a Connexions |b psychosociologie, sciences humaines |c ARIP, Association pour la Recherche et l'Intervention Psychosociologiques, Paris |
| 264 | 3 | 1 | |a Toulouse |b Ed. Erès |c 1972- |
| 264 | 2 | 1 | |a Paris |b EPI |c teils |
| 264 | 2 | 1 | |a Paris |b Desclée de Brouwer |c 1986 |
| 264 | 2 | 1 | |a Ramonville Saint-Agne |b Erès |c 1994-2009 |
| 264 | 2 | 1 | |a Paris |b Ed. Erès |c 2010 |
| 336 | |a Text |b txt |2 rdacontent | ||
| 337 | |a ohne Hilfsmittel zu benutzen |b n |2 rdamedia | ||
| 338 | |a Band |b nc |2 rdacarrier | ||
| 362 | 0 | |a 1/2.1972 - | |
| 363 | 0 | 1 | |a 1/2 |i 1972 |
| 655 | 7 | |a Zeitschrift |0 (DE-588)4067488-5 |0 (DE-627)10454466X |0 (DE-576)20917000X |2 gnd-content | |
| 689 | 0 | 0 | |d g |0 (DE-588)4018145-5 |0 (DE-627)106327232 |0 (DE-576)208922857 |a Frankreich |2 gnd |
| 689 | 0 | 1 | |d s |0 (DE-588)4061778-6 |0 (DE-627)106134558 |0 (DE-576)20914114X |a Universität |2 gnd |
| 689 | 0 | 2 | |d s |0 (DE-588)4006667-8 |0 (DE-627)106376772 |0 (DE-576)208866531 |a Bildungspolitik |2 gnd |
| 689 | 0 | 3 | |d s |0 (DE-588)4143413-4 |0 (DE-627)105605727 |0 (DE-576)209726091 |a Aufsatzsammlung |2 gnd |
| 689 | 0 | |5 DE-101 | |
| 710 | 2 | |a Association pour la recherche et l'intervention psycho-sociologiques |e Herausgebendes Organ |0 (DE-588)1030450-2 |0 (DE-627)103739718 |0 (DE-576)191323950 |4 isb | |
| 776 | 1 | |x 1776-2804 | |
| 889 | |w (DE-603)180384678 | ||
| 938 | 1 | 0 | |0 (DE-627)1756148325 |0 (DE-615)6603106 |a Frankreich |2 fivt |
| 938 | 1 | 0 | |0 (DE-627)1756207674 |0 (DE-615)6605740 |a Bildungspolitik |2 fivt |
| 951 | |a JT | ||
| ELC | |b 1 | ||
| LOK | |0 000 xxxxxcy a22 3n 4500 | ||
| LOK | |0 001 2654913716 | ||
| LOK | |0 003 DE-627 | ||
| LOK | |0 004 166554421 | ||
| LOK | |0 005 20101111172637 | ||
| LOK | |0 008 101104||||||||||||||||ger||||||| | ||
| LOK | |0 035 |a (DE-600)191677841 | ||
| LOK | |0 040 |a DE-21 |c DE-627 |d DE-21 | ||
| LOK | |0 092 |o l | ||
| LOK | |0 852 |8 1 | ||
| LOK | |0 852 |a DE-21 | ||
| LOK | |0 852 1 |c ZA 10687 |9 00 | ||
| LOK | |0 85900 |8 1.1 |a 92 |i 2009 | ||
| LOK | |0 86630 |a 92.2009 | ||
| LOK | |0 939 |a 04-11-10 |b z01 | ||
| ORI | |a SA-MARC-krimdokb001.raw | ||
| SPR | |a 1 |t KRI | ||
